| 000 | 00779cam a2200193 i 4500 | ||
|---|---|---|---|
| 005 | 20260126114812.0 | ||
| 008 | 250721s2018 ua gr 000 0 ara d | ||
| 020 | _a9789776567962 | ||
| 082 | 1 | 4 |
_a346.07 _bس ع ي |
| 100 | 1 |
_aالسعيدي، ثامر عبد الجبار عبد العباس _eمؤلف. |
|
| 245 | 1 | 2 |
_aالتنظيم القانوني للمزاد الألكتروني : _bدراسة مقارنة / _cثامر عبد الجبار عبد العباس السعيدي. |
| 250 | _aالطبعة الأولى. | ||
| 264 | 3 | 1 |
_aمصر : _bالمركز العربي للنشر و التوزيع، _c2018. |
| 300 | _a385 صفحة. | ||
| 650 | 1 | 7 | _aالقانون التجاري. |
| 650 | 1 | 7 | _aالمزاد. |
| 942 |
_2ddc _cBK |
||
| 999 |
_c141011 _d141011 |
||